000 00623nam a2200181Ia 4500
008 090124s9999 xx 000 0 und d
082 _b8995
100 _aअदवंत म. ना.
245 _a मराठीतील काही कथारॉकार
250 _a0
260 _bअनमोल प्रकाशन
_c1970
300 _a152
600 _aअदवंत म. ना.
630 _a मराठीतील काही कथारॉकार
700 _aअदवंत म. ना.
730 _a मराठीतील काही कथारॉकार
942 _cBOOK
999 _c86575
_d86575